00645nam a2200193Ia 4500008004100000020001400041082001600055100001800071245005400089250000700143260004500150300002900195500001900224600002100243650005000264942000700314952011500321999001500436240925s9999 xx 000 0 und d a132073749 a005.713 LUN aLund, William 0aIntegrating UNIX and PC Network Operating Systems aNA aNew Jersey:bPrintice- Hall Int.c,1996. axiii,223p.bNAfOriginal aIncludes Index aComputer Science aComputer science, information & general works cBK 001040708CSaUITUbUITUd2000-07-28eNAg125.00l0o005.713 LUNpQ2636r2024-09-25 07:12:52w2024-09-25yBK c5135d5135